|
|
|
|
| LEADER |
00000nam a2200000 i 4500 |
| 001 |
115859 |
| 003 |
CZ-ZlUTB |
| 005 |
20260629084236.0 |
| 007 |
ta |
| 008 |
260129s2026 xr ach f 001 0 cze |
| 015 |
|
|
|a cnb003738227
|
| 020 |
|
|
|a 978-80-7470-574-8
|q (vázáno) :
|c Kč 899,00
|
| 040 |
|
|
|a ABA001
|b cze
|d BOA001
|e rda
|
| 041 |
0 |
|
|a cze
|b eng
|
| 043 |
|
|
|a e-xr---
|
| 045 |
|
|
|a x6x7
|
| 072 |
|
7 |
|a 821.162.3.09
|x Česká literatura (o ní)
|2 Konspekt
|9 11
|
| 080 |
|
|
|a 821.162.3
|2 MRF
|
| 080 |
|
|
|a 82:316.7
|2 MRF
|
| 080 |
|
|
|a 316.73
|2 MRF
|
| 080 |
|
|
|a 82.091
|2 MRF
|
| 080 |
|
|
|a 82:316.3
|2 MRF
|
| 080 |
|
|
|a 82:72/76
|2 MRF
|
| 080 |
|
|
|a (437.3)
|2 MRF
|
| 080 |
|
|
|a (048.8:082)
|2 MRF
|
| 100 |
1 |
|
|a Papoušek, Vladimír,
|d 1957-
|7 jo2002100678
|4 aut
|
| 245 |
1 |
0 |
|a Disonance a fata morgána :
|b česká literatura 1964-1971 /
|c Vladimír Papoušek a kolektiv
|
| 250 |
|
|
|a Vydání první
|
| 264 |
|
1 |
|a Praha :
|b Akropolis,
|c 2026
|
| 300 |
|
|
|a 653 stran :
|b ilustrace (převážně barevné), portréty, faksimile ;
|c 27 cm
|
| 336 |
|
|
|a text
|b txt
|2 rdacontent
|
| 337 |
|
|
|a bez média
|b n
|2 rdamedia
|
| 338 |
|
|
|a svazek
|b nc
|2 rdacarrier
|
| 504 |
|
|
|a Obsahuje bibliografické odkazy a rejstřík
|
| 546 |
|
|
|a Anglické resumé
|
| 648 |
|
7 |
|a 1961-1970
|7 ch460584
|2 czenas
|
| 648 |
|
4 |
|a 1964-1971
|
| 650 |
0 |
7 |
|a česká literatura
|7 ph116858
|y 1961-1970
|2 czenas
|
| 650 |
0 |
7 |
|a literatura a kultura
|7 ph798114
|z Česko
|y 1961-1970
|2 czenas
|
| 650 |
0 |
7 |
|a kulturní vlivy
|7 ph166541
|z Česko
|y 1961-1970
|2 czenas
|
| 650 |
0 |
7 |
|a literární vlivy
|7 ph138746
|z Česko
|y 1961-1970
|2 czenas
|
| 650 |
0 |
7 |
|a literatura a společnost
|7 ph122371
|z Česko
|y 1961-1970
|2 czenas
|
| 650 |
0 |
7 |
|a literatura a umění
|7 ph115156
|z Česko
|y 1961-1970
|2 czenas
|
| 650 |
0 |
9 |
|a Czech literature
|y 1961-1970
|2 eczenas
|
| 650 |
0 |
9 |
|a literature and culture
|z Czechia
|y 1961-1970
|2 eczenas
|
| 650 |
0 |
9 |
|a culture's influence
|z Czechia
|y 1961-1970
|2 eczenas
|
| 650 |
0 |
9 |
|a literary influences
|z Czechia
|y 1961-1970
|2 eczenas
|
| 650 |
0 |
9 |
|a literature and society
|z Czechia
|y 1961-1970
|2 eczenas
|
| 650 |
0 |
9 |
|a literature and art
|z Czechia
|y 1961-1970
|2 eczenas
|
| 655 |
|
7 |
|a kolektivní monografie
|7 fd501537
|2 czenas
|
| 655 |
|
9 |
|a collective monographs
|2 eczenas
|
| 710 |
2 |
|
|a Akropolis - Filip Tomáš (nakladatelství)
|7 xx0166728
|4 pbl
|
| 910 |
|
|
|a ZLD002
|
| 928 |
9 |
|
|a Filip Tomáš - Akropolis
|
| 942 |
|
|
|2 udc
|
| 952 |
|
|
|0 0
|1 0
|4 0
|6 885PAPOUŠEKV
|7 -1
|8 BOOK
|9 191717
|a UTBZL
|b UTBZL
|c 005
|d 2026-06-29
|l 0
|o 885/PAPOUŠEK,V.
|p 420010202254
|r 2026-06-29 08:43:55
|v 899.00
|w 2026-06-29
|x N:nákup
|y 01
|
| 992 |
|
|
|a BK
|b SKNEW
|
| 999 |
|
|
|c 115859
|d 115859
|